000 00597nam a2200229Ia 4500
003 OSt
005 20221005123320.0
006 a|||||r|||| 00| 0
007 ta
008 221004b |||||||| |||| 00| 0 eng d
024 _a63682
037 _cTextual
040 _aCRL
_cCRL
_beng
041 _2eng
_aeng
082 _aV25233:21wM35, A
100 _aKincaid Charles A
_9633527
245 0 _aLakshmibai, Rani of Jhansi and other essays
260 _c1870
650 _aHISTORY
942 _hV25233:21wM35, A
_cTEXL
_2cc
999 _c1047036
_d1047036